English Counties by Population - Statistics

General Stats
  • This quiz has been taken 83 times
  • The average score is 11 of 48
Answer Stats
Rank Population County % Correct
1st 8,899,375 Greater London
100%
2nd 2,916,458 West Midlands
79%
3rd 2,812,569 Greater Manchester
74%
4th 2,320,214 West Yorkshire
70%
5th 1,846,478 Kent
56%
7th 1,832,752 Essex
47%
6th 1,844,245 Hampshire
47%
9th 1,423,065 Merseyside
42%
10th 1,402,918 South Yorkshire
37%
47th 39,697 Rutland
33%
11th 1,194,166 Devon
30%
8th 1,498,300 Lancashire
30%
16th 1,136,371 Tyne and Wear
30%
12th 1,189,934 Surrey
23%
48th 8,706 City of London
21%
46th 141,538 Isle of Wight
21%
19th 1,059,271 Cheshire
16%
22nd 965,424 Somerset
16%
43rd 463,405 Bristol
14%
40th 568,210 Cornwall
14%
29th 844,985 East Sussex
14%
20th 1,053,486 Leicestershire
14%
25th 903,680 Norfolk
14%
14th 1,158,816 North Yorkshire
14%
15th 1,154,195 Nottinghamshire
14%
35th 687,524 Oxfordshire
14%
17th 1,131,052 Staffordshire
14%
32nd 758,556 Suffolk
14%
27th 858,852 West Sussex
14%
24th 911,403 Berkshire
12%
28th 852,523 Cambridgeshire
12%
37th 600,259 East Riding of Yorkshire
12%
45th 192,107 Herefordshire
12%
13th 1,184,365 Hertfordshire
12%
18th 1,087,659 Lincolnshire
12%
36th 669,338 Bedfordshire
9%
30th 808,666 Buckinghamshire
9%
21st 1,053,316 Derbyshire
9%
31st 772,268 Dorset
9%
44th 320,274 Northumberland
9%
39th 571,010 Warwickshire
9%
38th 592,057 Worcestershire
9%
23rd 916,202 Gloucestershire
7%
33rd 747,622 Northamptonshire
7%
42nd 498,073 Shropshire
7%
26th 866,846 Durham
5%
34th 720,060 Wiltshire
5%
41st 498,888 Cumbria
2%
No matching quizzes found
Score Distribution
Percent of People with Each Score
Percentile by Number Answered
Your Score History
You have not taken this quiz